000 00653cam a2200205 4500
001 WB3602-28
008 000000n2000 000 0 eng u
035 _a(Sirsi) u103519
245 _aRates complexity
260 _c2000
490 _aTimes
_v11 January 2000, 42(2)
520 _aWarns that businesses should start planning ahead to prepare for their rates bills in April, when the new rating list takes effect. Includes a checklist and a case study.
590 _aWB
650 _aBUSINESS RATES
650 _aRATING LIST
650 _aRATING APPEALS
650 _aRATING REVALUATION
690 _aRATING AND LOCAL TAXATION
942 _n0
999 _c62193
_d62193